Cambridge ielts 8 student's book with answers : (Record no. 348780)

000 -LEADER
fixed length control field 01468 a2200193 4500
020 ## - INTERNATIONAL STANDARD BOOK NUMBER
International Standard Book Number 0521173787 (paperback)
020 ## - INTERNATIONAL STANDARD BOOK NUMBER
International Standard Book Number 9780521173780 (paperback)
082 ## - DEWEY DECIMAL CLASSIFICATION NUMBER
Classification number 428.0076
090 ## - LOCALLY ASSIGNED LC-TYPE CALL NUMBER (OCLC); LOCAL CALL NUMBER (RLIN)
-- 6416
-- 6416
100 1# - MAIN ENTRY--PERSONAL NAME
Personal name ESOL, Cambridge.
245 10 - TITLE STATEMENT
Title Cambridge ielts 8 student's book with answers :
Remainder of title official examination papers from university of cambridge esol examinations /
Statement of responsibility, etc. Cambridge ESOL.
260 ## - PUBLICATION, DISTRIBUTION, ETC.
Place of publication, distribution, etc. [S.l.] :
Name of publisher, distributor, etc. Cambridge University Press,
Date of publication, distribution, etc. 2011.
300 ## - PHYSICAL DESCRIPTION
Extent 176 p. ;
Dimensions 25 cm.
490 1# - SERIES STATEMENT
Series statement Ielts practice tests.
520 ## - SUMMARY, ETC.
Summary, etc. Cambridge IELTS 8 contains four authentic IELTS papers from Cambridge ESOL, providing excellent exam practice. The Student's Book with answers provides students with an excellent opportunity to familiarise themselves with IELTS and to practise examination techniques using authentic test material prepared by Cambridge ESOL. This book contains four complete tests for Academic candidates, plus extra Reading and Writing modules for General Training candidates. An introduction to these different modules is included in each book, together with with an explanation of the scoring system used by Cambridge ESOL. A comprehensive section of answers and tapescripts makes the material ideal for students working partly or entirely on their own. Audio available separately.
830 #0 - SERIES ADDED ENTRY--UNIFORM TITLE
Uniform title Ielts practice tests.
856 40 - ELECTRONIC LOCATION AND ACCESS
Materials specified Amazon.com
Uniform Resource Identifier <a href="http://www.amazon.com/exec/obidos/ASIN/0521173787/chopaconline-20">http://www.amazon.com/exec/obidos/ASIN/0521173787/chopaconline-20</a>
942 ## - ADDED ENTRY ELEMENTS (KOHA)
Institution code [OBSOLETE] NBS
Koha item type Book
Call number prefix 428.0076 JAK
Holdings
Withdrawn status Lost status Damaged status Not for loan Permanent Location Current Location Date acquired Total Checkouts Total Renewals Full call number Barcode Date last seen Date last checked out Price effective from Koha item type Checked out
        Central Library (CL) Central Library (CL) 08/28/2013 14 2 428.0076 JAK NBS8692 02/19/2026 08/19/2025 08/28/2013 Book  
        Central Library (CL) Central Library (CL) 08/28/2013 12 5 428.0076 JAK NBS8691 01/28/2024 01/28/2024 08/28/2013 Book 02/27/2024
© 2023 Central Library, National University of Sciences and Technology. All Rights Reserved.